000 00499nam a2200169Ia 4500
003 GCL
008 140319s9999 xx 000 0 ara d
040 _aGCL /
_cGCL
082 0 4 _a953.1
_bا ا
100 1 _aايمن الياسينى
245 1 0 _aالدين والدولة فى المملكة العربية السعودية /
_cايمن الياسينى
260 _a[S.N] :
_bدار الساقى ،
_c1990
300 _a177ص
490 _a
650 0 4 _aالسعودية
942 _2ddc
_cBK
999 _c28459
_d28459